Paroles - Mon amour, Slimane - Statistiques

Statistiques générales
  • Ce quiz a été pris 827 fois
  • Le résultat moyen est 168 sur 204
Statistiques - réponses
Paroles % Correct
à
99%
a
99%
amour
99%
Mon
99%
mon
99%
Je
97%
je
97%
tu
96%
Tu
96%
ce
94%
pour
94%
quoi
94%
quoi ?
94%
moi
92%
t’aime,
92%
t’aime
92%
pas
91%
pas ?
91%
pas,
91%
de
90%
Dis
90%
la
90%
Ma
89%
penses
89%
pourquoi
89%
Te
89%
que
88%
Si
87%
si
87%
un
86%
Un
86%
Est
85%
le
85%
tout
85%
c’est
84%
C’est
84%
en
84%
j’sais
84%
J’sais
84%
scène
84%
nous ?
83%
nous,
83%
ou
83%
sens
83%
fait
82%
m’aimes,
82%
m’aimes ?
82%
même
82%
ça
81%
on
81%
qui
81%
toujours
81%
Mais
80%
peine,
80%
j’te
78%
recommence
78%
souviens
76%
n’entends
74%
premier
74%
rendez-vous ?
74%
dérange
72%
rejoue
72%
J’rejoue
71%
beau,
69%
C’était
69%
c’était
69%
Paris
69%
dans
68%
Fais
67%
fou
67%
veux
67%
Désolé
66%
fin
66%
reviens
66%
Du
65%
océan
65%
ferai
64%
feu
64%
sais,
63%
supplie
63%
j’t’en
60%
peux
59%
Et
57%
j’ai
57%
Allez,
56%
compris
55%
Oh,
55%
c’que
53%
promets,
53%
t’attendrai
51%
L’impossible
47%
l’endroit,
39%
bête
35%
d’espoir,
32%
Rempli
32%
n’viens
29%
Aucun quiz correspondant
Distribution des résultats
% des personnes avec chaque résultat
Percentile par nombre de réponses
Votre historique - résultats
Vous n’avez pas pris ce quiz